| 000 | 00596cam a22002291 4500 | ||
|---|---|---|---|
| 001 | sa 67001544 | ||
| 003 | DLC | ||
| 005 | 20260227112323.0 | ||
| 008 | 890417s1961 ii a b 000 0 hino | ||
| 010 | _asa 67001544 | ||
| 035 | _a(OCoLC)19560149 | ||
| 040 |
_aDLC _cWaU _dDLC |
||
| 042 | _apremarc | ||
| 050 | 0 | 0 |
_aPK1931 _b.T5 1961 |
| 100 | 1 | _aTiwari, Udai Narain. | |
| 245 | 1 | 0 | _aHindī bhāshā kā udgama aura vikāsa. |
| 260 | _c[1961] | ||
| 300 |
_a24, 677 p. _billus. _c23 cm. |
||
| 500 | _aIn Hindi. | ||
| 504 | _aBibliographical footnotes. | ||
| 650 | 0 |
_aHindi language _xHistory. |
|
| 999 |
_c72708 _d72708 |
||